| 000 | 00436cam a2200193ua 4500 | ||
|---|---|---|---|
| 001 | 8533 | ||
| 008 | 150205n ii |||gr||||Z||||||eng | ||
| 020 | _a9788120345621 | ||
| 040 | _cMAIN | ||
| 041 | _aeng | ||
| 082 | _a410 | ||
| 100 |
_aPrasad, T., _eAuthor. |
||
| 245 | 1 |
_aCourse in linguistics _cBy Tarni Prasad |
|
| 250 | _a2nd. | ||
| 260 |
_aNew Delhi: _bPHI, _c2012. |
||
| 300 | _ax,292p. | ||
| 653 | _aLinguistics | ||
| 942 | _cBK | ||
| 999 |
_c7634 _d7634 |
||